Víctor Mira (Record no. 1545)

MARC details
000 - LÍDER
campo de control de longitud fija 00728nam a2200193Ia 4500
008 - ELEMENTOS DE DATOS DE LONGITUD FIJA - INFORMACIÓN GENERAL
campo de control de longitud fija 0000001990 ck a 0000000000spa00
090 ## - NÚMERO DE LLAMADA DE TIPO LC LOCALMENTE ASIGNADO (OCLC)
Número de clasificación (OCLC) (R) PSP00 M37v
100 1# - ENTRADA PRINCIPAL - NOMBRE PERSONAL
Nombre de la persona Mira, Víctor
Fechas asociadas a un nombre 1949
245 10 - TÍTULO DECLARACIÓN
Título Víctor Mira
Resto del título : obra reciente
260 ## - PUBLICACIÓN, DISTRIBUCIÓN
Lugar de publicación Bogotá : Galería Fernando Quintana
Fecha de publicación 1990
300 ## - DESCRIPCIÓN FÍSICA
Alcance [40] p.
Dimensiones / 29 cm.
500 ## - NOTA GENERAL
Nota general Exposición realizada en la Galería Fernando Quintana, Bogotá, JulioAgosto, 1990 \ Con el patronazgo del maestro venezolano Jesús Rafael Soto (q.e.p.d.)
600 00 - ENTRADA DE SUJETO AÑADIDO - NOMBRE PERSONAL
Nombre de la persona MIRA, VICTOR, 1949/
Subdivisión general TRABAJOS PICTORICOS
650 14 - ENTRADA DE SUJETO AÑADIDO - TÉRMINO TÓPICO
Término tópico o elemento de entrada del nombre geográfico ARTE CONTEMPORANEO ESPAÑOL
650 14 - ENTRADA DE SUJETO AÑADIDO - TÉRMINO TÓPICO
Subdivisión general CATALOGOS
650 14 - ENTRADA DE SUJETO AÑADIDO - TÉRMINO TÓPICO
Subdivisión general EXPOSICIONES
650 14 - ENTRADA DE SUJETO AÑADIDO - TÉRMINO TÓPICO
Término tópico o elemento de entrada del nombre geográfico PINTORES ESPAÑOLES
650 14 - ENTRADA DE SUJETO AÑADIDO - TÉRMINO TÓPICO
Término tópico o elemento de entrada del nombre geográfico PINTURA ESPAÑOLA
Holdings
Estado de retirada Pérdida de estatus Estado dañado No para préstamo Código de recogida Ubicación permanente Ubicación actual Ubicación de las estanterías Fecha de adquisición Número de llamada completo Código de barras Fecha de la última vez que se vio Número de copia Precio efectivo desde Tipo de artículo Koha
        General ArtNexus ArtNexus General 06/09/2022 P-SP-00 M37V 1545 06/09/2022 Ej.1 06/09/2022 Libro

Powered by Koha